000 01805cam a22004454i 4500
003 PE-LiUPU
005 20250731165410.0
008 151020s2012 pe a grm 000 0 spa d
035 _a(Sirsi) a154992
040 _aPE-LiUPU
_bspa
_cPE-LiUPU
_erda
099 _aTEF 2
_bG25 2012
100 1 _aGarcía Camañari, Gundher Elí
_eautor
245 1 _aConocimientos y prácticas de la mecánica corporal de los trabajadores con manipulación manual de carga de Productos Unión, 2011 /
_cGundher García Camañari.
264 0 _c2012.
300 _a93 hojas :
_bilustraciones;
_c30 cm
336 _atext
_2rdacontent
337 _aunmediated
_2rdamedia
338 _avolume
_2rdacarrier
502 _aTesis
_b(Lic.) --
_cUniversidad Peruana Unión,
_d2012.
504 _aIncluye referencias
520 3 _aEl estudio básico, de diseño no experimental transversal de tipo descriptivo. La muestra estuvo conformado por 47 trabajadores que cumplieron con los criterio de inclusión y exclusión, distribuidas en las áreas de: Almacén de Productos terminados, materia prima, planta II y limpieza industrial. Para la recolección de los datos se usó un cuestionario estructurado y una guía de observación elaborados por el investigador y validados por expertos.
526 _aSEG44
526 _aSEG26
526 _aP151
526 _aP150
526 _aP149
526 _aP146
526 _aP145
526 _aP126
526 _aP125
526 _aP92
526 _aP75
526 _aP74
526 _aP27
526 _aP15
650 0 4 _aPanaderos
_xMecánica humana.
596 _a1
942 _2ddc
_cTESIS
999 _aTEF 2 G25 2012
_wALPHANUM
_c7683
_iT01292
_lCCODEBUL3
_mBUL
_r1
_sY
_tTESIS
_u2015-10-20
_xSALUD
_PP22
_o.STAFF. Tesis
_d7683
980 _81
_gALBERTO SANCHEZ Responsable de Automatización